[Event "AUTO-OPEN-1697"]
[Site "http://www.queenalice.com/game.php?id=655442"]
[Date "2009.9.20"]
[Round "1"]
[White "faver_154"]
[Black "johnnyabrantess"]
[Result "1-0"]
[WhiteElo "1405"]
[BlackElo "1366"]

1. e4 e5 2. Nc3 Nf6 3. Bc4 Bc5 4. Qf3 O-O 5. a3 a5 6. Nge2 d6 7. O-O Nc6 8. d3
Nd4 9. Nxd4 Bxd4 10. h3 c6 11. Ne2 d5 12. Nxd4 exd4 13. exd5 cxd5 14. Bb5 Qd6
15. Bf4 Qb6 16. a4 Bd7 17. Bxd7 Nxd7 18. Qxd5 Rad8 19. b3 Qf6 20. Bc7 Rc8 21.
Qxd7 g6 22. Bxa5 Rxc2 23. Bb4 Rd8 24. Qxb7 Rcc8 25. Be7 Rb8 26. Qxb8 Qxe7 27.
Qf4 Qb4 28. Rfb1 Re8 29. a5 Qc3 30. Qf3 f5 31. a6 1-0

[Event "AUTO-OPEN-1697"]
[Site "http://www.queenalice.com/game.php?id=655443"]
[Date "2009.9.20"]
[Round "1"]
[White "johnnyabrantess"]
[Black "faver_154"]
[Result "0-1"]
[WhiteElo "1344"]
[BlackElo "1419"]

1. e4 e5 2. Nf3 Nc6 3. Bc4 Bc5 4. O-O Nf6 5. Nc3 O-O 6. Ne2 Nxe4 7. d4 exd4 8.
Nexd4 Nxd4 9. Nxd4 Qf6 10. Be3 d6 11. Nf3 Bg4 12. Be2 Rad8 13. Qd3 Bf5 14. Qc4
d5 15. Qd3 d4 16. Bf4 Ng3 17. Qc4 Nxf1 18. Rxf1 Qc6 19. Rd1 Be6 20. Qd3 Bd5 21.
Ng5 g6 22. Re1 Rfe8 23. Qh3 h5 24. Nf3 Bxf3 25. gxf3 Bd6 26. Bg5 Be7 27. f4 Bxg5
28. fxg5 Qxc2 29. Qf3 d3 0-1

[Event "AUTO-OPEN-1697"]
[Site "http://www.queenalice.com/game.php?id=655460"]
[Date "2009.9.20"]
[Round "1"]
[White "johnnyabrantess"]
[Black "michas"]
[Result "0-1"]
[WhiteElo "1188"]
[BlackElo "1689"]

1. e4 b6 2. d4 Bb7 3. Nc3 Nf6 4. f3 e6 5. Bd3 Bb4 6. Ne2 O-O 7. O-O Nc6 8. a3
Be7 9. Bg5 Ne8 10. Bxe7 Qxe7 11. e5 d6 12. f4 d5 13. f5 Rd8 14. Nf4 Nxd4 15. Bb5
Nxf5 16. Bxe8 Rfxe8 17. Nh5 Qc5+ 18. Rf2 Ne3 19. Qf3 Nf5 20. Qg4 Qf8 21. Nf6+
Kh8 22. Nxe8 Qxe8 23. Rd1 Ne3 24. Qg3 Nxd1 25. Nxd1 c5 26. Ne3 b5 27. Ng4 a5 28.
Ne3 d4 29. Ng4 c4 30. Rd2 Qc6 31. a4 bxa4 32. Qf2 Qd7 33. c3 d3 34. Ne3 Qc6 35.
Qxf7 Qd7 36. Qh5 g6 37. Qh6 Qg7 38. Qxg7+ Kxg7 39. Nxc4 Rd5 40. Ne3 Rd7 41. c4
Bc6 42. Ng4 Rd4 43. Nf6 Kf7 44. Nxh7 Rxc4 45. Rxd3 Rc2 46. Ng5+ Ke7 47. Nf3 Rxb2
48. Rd6 Rb1+ 49. Kf2 Bd5 50. Ra6 a3 51. Rxa5 a2 0-1

[Event "AUTO-OPEN-1697"]
[Site "http://www.queenalice.com/game.php?id=655461"]
[Date "2009.9.20"]
[Round "1"]
[White "michas"]
[Black "johnnyabrantess"]
[Result "1-0"]
[WhiteElo "1765"]
[BlackElo "1100"]

1. f3 d5 2. Kf2 Nf6 3. b3 e6 4. Bb2 Nbd7 5. e3 Be7 6. c4 O-O 7. d4 b6 8. Nc3 Bb7
9. Bd3 Bb4 10. a3 Bxc3 11. Bxc3 Nh5 12. g3 dxc4 13. bxc4 Qf6 14. Qd2 c5 15. dxc5
Ne5 16. Be2 Rad8 17. Qb2 Ng4+ 18. Ke1 Ne5 19. Bxe5 Qg6 20. cxb6 axb6 21. Qxb6
Rd7 22. c5 Bd5 23. Rd1 Ra8 24. e4 f6 25. Bb2 Nf4 26. exd5 exd5 27. c6 Rdd8 28.
c7 Rdc8 29. Kf2 Ne6 30. Qxe6+ Kh8 31. Bd3 Qg5 32. Bc1 Qh5 33. Bf4 d4 34. Ba6 1-0

[Event "Challenge"]
[Site "http://www.queenalice.com/game.php?id=657874"]
[Date "2009.9.25"]
[Round "-"]
[White "johnnyabrantess"]
[Black "H_U_G_O"]
[Result "1-0"]
[WhiteElo "1100"]
[BlackElo "1318"]

1. e4 Nf6 2. Nc3 e6 3. Bd3 Ng8 4. Nf3 Bc5 5. O-O c6 6. b3 Qc7 7. Bb2 Bd6 8. g3
Nh6 9. a4 a5 10. Bc4 O-O 11. d3 Qd8 12. Ba3 Bxa3 13. Rxa3 Qe7 14. Ra1 Qb4 15.
Qd2 d5 16. exd5 cxd5 17. Bb5 d4 18. Ne4 Qxd2 19. Nexd2 Rd8 20. Rfe1 Bd7 21. Ne4
Bxb5 22. axb5 b6 23. Neg5 Rd6 24. Ra4 Nd7 25. Nxd4 Rd5 26. Ndf3 1-0

[Event "AUTO-BEG-343"]
[Site "http://www.queenalice.com/game.php?id=659953"]
[Date "2009.9.29"]
[Round "1"]
[White "marcotul"]
[Black "johnnyabrantess"]
[Result "0-1"]
[WhiteElo "1483"]
[BlackElo "1331"]

1. e4 e5 2. Nf3 Nc6 3. d3 Nf6 4. d4 d5 5. Nc3 Bd6 6. Be3 O-O 7. exd5 Nxd4 8. Ng5
Bg4 9. f3 Bh5 10. g4 Bg6 11. Bd3 Bxd3 12. cxd3 Re8 13. O-O e4 14. dxe4 c5 15. b4
a6 16. bxc5 Bxc5 17. Bxd4 b6 18. e5 Nxd5 19. e6 fxe6 20. Qc2 Nf6 21. Rae1 Qxd4+
22. Rf2 Qf4 23. Nd5 exd5 24. Ne6 Bxf2+ 25. Kxf2 Qd6 26. Nd4 Rxe1 27. Kxe1 Re8+
28. Ne2 Qb4+ 29. Qd2 Qb1+ 30. Kf2 Qb5 31. Nf4 Qc5+ 32. Kf1 d4 33. a3 Qxa3 34.
Qxd4 Qxf3+ 35. Qf2 Qh1+ 36. Qg1 Re1+ 37. Kxe1 Qxg1+ 38. Ke2 Nxg4 39. h3 Qe3+ 40.
Kd1 Nf2+ 41. Kc2 Qxf4 42. Kc3 Nxh3 43. Kd3 Nf2+ 44. Kc3 Qe4 45. Kb3 Qd4 46. Kc2
Qd3+ 47. Kc1 Ne4 48. Kb2 Qc3+ 49. Kb1 Nd2+ 50. Ka2 Qb3+ 51. Ka1 Qb1# 0-1

[Event "AUTO-BEG-343"]
[Site "http://www.queenalice.com/game.php?id=659954"]
[Date "2009.9.29"]
[Round "1"]
[White "johnnyabrantess"]
[Black "marcotul"]
[Result "1-0"]
[WhiteElo "1304"]
[BlackElo "1334"]

1. d4 e6 2. Nc3 Bb4 3. Bd2 Nc6 4. Nf3 d5 5. e4 Nf6 6. Bd3 O-O 7. O-O Re8 8. Re1
e5 9. Bb5 exd4 10. Nxd5 Nxe4 11. Qe2 Nd6 12. Qd3 Be6 13. Nxb4 a5 14. Nxc6 bxc6
15. Ng5 Bf5 16. Rxe8+ Nxe8 17. Qc4 Nd6 18. Qxc6 Nxb5 19. Qxb5 Rb8 20. Qxf5 f6
21. Qe6+ Kh8 22. Nf7+ Kg8 23. Nxd8+ Kf8 24. Qf7# 1-0

[Event "AUTO-BEG-343"]
[Site "http://www.queenalice.com/game.php?id=659965"]
[Date "2009.9.29"]
[Round "1"]
[White "Diego_dream"]
[Black "johnnyabrantess"]
[Result "1-0"]
[WhiteElo "1029"]
[BlackElo "1325"]

1. e4 e5 2. Nf3 Nc6 3. Bc4 Nf6 4. d4 Bb4+ 5. c3 Ba5 6. d5 Ne7 7. b4 Bb6 8. O-O
Nxe4 9. Be3 O-O 10. Nbd2 d6 11. Bxb6 axb6 12. Nxe4 Nf5 13. b5 Ra4 14. Qe2 c6 15.
bxc6 bxc6 16. dxc6 Qc7 17. Bb5 Ra5 18. Rfd1 Rd8 19. Qc4 d5 20. Rxd5 Be6 21.
Rxd8+ Qxd8 22. c7 Qc8 23. Qc6 Ne7 24. Qe8+ Qxe8 25. Bxe8 Ra8 26. Bb5 Rc8 27. Rd1
g6 28. Rd8+ Kg7 29. Nd6 Rxc7 30. Ne8+ Kh6 31. Nxc7 1-0

[Event "AUTO-BEG-343"]
[Site "http://www.queenalice.com/game.php?id=659966"]
[Date "2009.9.29"]
[Round "1"]
[White "johnnyabrantess"]
[Black "Diego_dream"]
[Result "1-0"]
[WhiteElo "1286"]
[BlackElo "1100"]

1. e4 e5 2. Nf3 Nc6 3. Bc4 Nf6 4. Nc3 Nxe4 5. Nxe4 d5 6. Bxd5 Qxd5 7. d3 f5 8.
Nc3 Qd6 9. O-O Be7 10. Bg5 O-O 11. Re1 Bxg5 12. Nxg5 h6 13. Nf3 e4 14. dxe4 Qxd1
15. Raxd1 fxe4 16. Nxe4 Re8 17. Nf6+ 1-0

[Event "AUTO-BEG-343"]
[Site "http://www.queenalice.com/game.php?id=659971"]
[Date "2009.9.29"]
[Round "1"]
[White "manderin1973"]
[Black "johnnyabrantess"]
[Result "0-1"]
[WhiteElo "1189"]
[BlackElo "1253"]

1. d4 d5 2. c4 Nf6 3. Qc2 Nc6 4. Be3 e5 5. Nf3 Bb4+ 6. Bd2 O-O 7. e3 Bg4 8. Nh4
Ne4 9. Bxb4 Nxb4 10. Bd3 Nxc2+ 11. Bxc2 Qxh4 12. c5 Qxf2# 0-1

[Event "AUTO-BEG-343"]
[Site "http://www.queenalice.com/game.php?id=659972"]
[Date "2009.9.29"]
[Round "1"]
[White "johnnyabrantess"]
[Black "manderin1973"]
[Result "1-0"]
[WhiteElo "1286"]
[BlackElo "1175"]

1. e4 e5 2. Nf3 d6 3. Bc4 Nf6 4. Nc3 Bg4 5. O-O Nc6 6. b3 Bxf3 7. Qxf3 Nd4 8.
Qd3 Nc6 9. Bb5 Qd7 10. Bb2 a6 11. Bxc6 Qxc6 12. Rfe1 Qc5 13. Qe2 a5 14. Rac1 c6
15. d3 Be7 16. Na4 Qa7 17. c4 O-O 18. Rcd1 c5 19. Nc3 b6 20. Nd5 1-0

[Event "Challenge"]
[Site "http://www.queenalice.com/game.php?id=676289"]
[Date "2009.11.2"]
[Round "-"]
[White "johnnyabrantess"]
[Black "nuage"]
[Result "1-0"]
[WhiteElo "1335"]
[BlackElo "1406"]

1. e4 e5 2. Nf3 Nc6 3. d4 f6 4. d5 Nce7 5. c4 d6 6. Nc3 Bg4 7. Be2 Ng6 8. Be3
N8e7 9. O-O f5 10. Bd3 Qd7 11. Bg5 O-O-O 12. Re1 h6 13. Be3 b6 14. Nb5 fxe4 15.
Bxe4 a6 16. Qa4 a5 17. Nd2 Nf5 18. b4 Nxe3 19. Rxe3 Nf4 20. bxa5 Qe8 21. axb6
cxb6 22. Qa6+ Kd7 23. Qb7# 1-0

[Event "Let's Play Chess!"]
[Site "http://www.queenalice.com/game.php?id=686607"]
[Date "2009.11.21"]
[Round "-"]
[White "Elienay"]
[Black "johnnyabrantess"]
[Result "0-1"]
[WhiteElo "1402"]
[BlackElo "1391"]

1. b3 e5 2. Bb2 Nc6 3. g3 Bc5 4. a3 d5 5. f4 Bxg1 6. Rxg1 Nf6 7. Bxe5 Nxe5 8.
fxe5 Ne4 9. d3 Ng5 10. Nd2 O-O 11. c4 c6 12. h4 Nh3 13. Bxh3 Bxh3 14. Qc2 Qe7
15. cxd5 cxd5 16. d4 f6 17. g4 f5 18. O-O-O f4 19. g5 Rac8 20. Nc4 dxc4 21. bxc4
Qxa3+ 22. Kd2 Qb4+ 23. Kd3 Bf5+ 24. e4 fxe3+ 25. Kxe3 Bxc2 26. Rdf1 Rxf1 27.
Rxf1 Rxc4 28. d5 Re4+ 29. Kf3 Rxe5 30. Rc1 Qe4+ 31. Kf2 Rxd5 32. Rxc2 Qxc2+ 33.
Kf3 Qd3+ 34. Kg4 Qe2+ 35. Kf4 Qh5 0-1

[Event "Let's Play Chess!"]
[Site "http://www.queenalice.com/game.php?id=689141"]
[Date "2009.11.26"]
[Round "-"]
[White "johnnyabrantess"]
[Black "kre"]
[Result "1-0"]
[WhiteElo "1301"]
[BlackElo "1489"]

1. e4 e5 2. Nf3 Nc6 3. Bc4 d6 4. O-O f6 5. Bxg8 Rxg8 6. Nc3 Bd7 7. d4 exd4 8.
Nxd4 Ne5 9. h3 c5 10. Nf3 Nxf3+ 11. Qxf3 Bc6 12. Nd5 Bxd5 13. exd5 Rh8 14. Re1+
Be7 15. Qh5+ g6 16. Qh6 Kd7 17. Re3 Bf8 18. Qf4 h5 19. c4 Qa5 20. Qxf6 Rh7 21.
Qxg6 Rg7 22. Qe6+ Kc7 23. Qf5 b5 24. b3 bxc4 25. bxc4 h4 26. Rb1 Qa4 27. Bd2
Qxc4 28. Reb3 Qd4 29. Ba5# 1-0

[Event "Let's Play Chess!"]
[Site "http://www.queenalice.com/game.php?id=693285"]
[Date "2009.12.5"]
[Round "-"]
[White "horsemen"]
[Black "johnnyabrantess"]
[Result "1-0"]
[WhiteElo "1332"]
[BlackElo "1406"]

1. d4 d5 2. f4 Nc6 3. e3 Nf6 4. Nf3 e6 5. c3 Bd6 6. Qd3 Ne4 7. b4 O-O 8. Na3 f6
9. h4 e5 10. Nb5 Bg4 11. Nxd6 cxd6 12. a3 exd4 13. cxd4 Re8 14. b5 Qa5+ 15. Nd2
Nb4 16. Qb3 Ng3 17. Qxb4 Qxb4 18. axb4 Nxh1 19. b6 Rxe3+ 20. Be2 Bxe2 21. Nf3
Re4 22. bxa7 Bxf3+ 23. Kf1 Ng3+ 24. Kf2 Nf5 25. gxf3 Rxd4 26. Ra4 Nxh4 27. Be3
Rd1 28. Kg3 Nf5+ 29. Kf2 Nxe3 30. Kxe3 d4+ 31. Ke2 Rg1 32. b5 Re8+ 33. Kf2 d3
34. Kxg1 d2 35. Ra1 Re1+ 36. Rxe1 dxe1=Q+ 37. Kg2 Qe2+ 38. Kg3 1-0

[Event "AUTO-BEG-343"]
[Site "http://www.queenalice.com/game.php?id=701518"]
[Date "2009.12.21"]
[Round "2"]
[White "MarTraM"]
[Black "johnnyabrantess"]
[Result "1-0"]
[WhiteElo "1886"]
[BlackElo "1408"]

1. d4 d5 2. c4 e6 3. cxd5 exd5 4. Nc3 Nf6 5. Bg5 c6 6. e3 Be7 7. Nf3 Bg4 8. Be2
Nbd7 9. O-O O-O 10. h3 Bxf3 11. Bxf3 h6 12. Bh4 b5 13. Bxf6 Bxf6 14. b4 Nb6 15.
a4 Nc4 16. axb5 Qd6 17. bxc6 Qxc6 18. Bxd5 Qa6 19. Rxa6 Rac8 20. Bxc4 Rxc4 21.
Qb3 Rfc8 22. Rc1 Be7 23. Kh2 Rxb4 24. Qa2 Rb6 25. Rxa7 1-0

[Event "AUTO-BEG-343"]
[Site "http://www.queenalice.com/game.php?id=701519"]
[Date "2009.12.21"]
[Round "2"]
[White "johnnyabrantess"]
[Black "MarTraM"]
[Result "0-1"]
[WhiteElo "1408"]
[BlackElo "1888"]

1. e4 e5 2. Nf3 Nc6 3. Bc4 h6 4. a3 Nf6 5. Nc3 Bc5 6. O-O O-O 7. b3 a6 8. Bb2 d6
9. Re1 Bg4 10. Be2 Nd4 11. Nxd4 Bxd4 12. Bxg4 Nxg4 13. Qxg4 Qf6 14. Rf1 Bxc3 15.
Bxc3 Rfe8 16. d4 exd4 17. Bd2 Re5 18. Rfe1 Rae8 19. f3 c5 20. Rad1 Qe6 21. Bf4
Qxg4 22. fxg4 Rxe4 23. Bg3 Rxe1+ 24. Rxe1 Rd8 0-1

[Event "AUTO-BEG-343"]
[Site "http://www.queenalice.com/game.php?id=701522"]
[Date "2009.12.21"]
[Round "2"]
[White "GrandpaRichard"]
[Black "johnnyabrantess"]
[Result "1-0"]
[WhiteElo "1429"]
[BlackElo "1387"]

1. d4 d5 2. c4 e6 3. Nc3 Nf6 4. Bg5 c6 5. e3 Be7 6. Nf3 b6 7. Bd3 O-O 8. O-O
Nbd7 9. Qc2 g6 10. cxd5 cxd5 11. e4 Bb7 12. e5 Ng4 13. Bxe7 Qxe7 14. h3 Nh6 15.
Qd2 Kg7 16. Rac1 Rac8 17. Nb5 Rxc1 18. Rxc1 Rc8 19. Rxc8 1-0

[Event "AUTO-BEG-343"]
[Site "http://www.queenalice.com/game.php?id=701523"]
[Date "2009.12.21"]
[Round "2"]
[White "johnnyabrantess"]
[Black "GrandpaRichard"]
[Result "0-1"]
[WhiteElo "1387"]
[BlackElo "1443"]

1. e4 Nc6 2. Nf3 a6 3. d4 e6 4. Nc3 Bb4 5. Bd2 d6 6. Bc4 Nf6 7. O-O e5 8. Bg5 h6
9. Bxf6 Qxf6 10. d5 Nd4 11. Nxd4 exd4 12. Ne2 Bg4 13. a3 Bc5 14. h3 Bh5 15. Qd2
O-O 16. Nf4 Bg6 17. Rfe1 Rfe8 0-1